Ghazālīs̕ book of counsel for kings : (Record no. 21658)
[ view plain ]
| 000 -LEADER | |
|---|---|
| fixed length control field | 01276cam a22003131 4500 |
| 001 - CONTROL NUMBER | |
| control field | 6115504 |
| 003 - CONTROL NUMBER IDENTIFIER | |
| control field | BDDh-ASL |
| 005 - DATE AND TIME OF LATEST TRANSACTION | |
| control field | 20231015030025.0 |
| 008 - FIXED-LENGTH DATA ELEMENTS--GENERAL INFORMATION | |
| fixed length control field | 740819s1964 xx 000 0 eng |
| 010 ## - LIBRARY OF CONGRESS CONTROL NUMBER | |
| LC control number | 64056118 |
| 035 ## - SYSTEM CONTROL NUMBER | |
| System control number | (OCoLC)982068 |
| 040 ## - CATALOGING SOURCE | |
| Original cataloging agency | DLC |
| Transcribing agency | MNoW |
| Modifying agency | DLC |
| -- | BDDh-ASL |
| 050 00 - LIBRARY OF CONGRESS CALL NUMBER | |
| Classification number | JC393.A3 |
| Item number | G453 |
| 082 ## - DEWEY DECIMAL CLASSIFICATION NUMBER | |
| Classification number | 956 |
| Item number | BAG |
| 100 0# - MAIN ENTRY--PERSONAL NAME | |
| Personal name | Ghazzālī, |
| Dates associated with a name | 1058-1111. |
| 240 00 - UNIFORM TITLE | |
| Uniform title | Tibr al-masbūk fī nasīhat al-mulūk. |
| 245 10 - TITLE STATEMENT | |
| Title | Ghazālīs̕ book of counsel for kings : |
| Remainder of title | (Nasīhat al-mulūk) / |
| Statement of responsibility, etc. | Translated by F.R.C Bagley from the Persian text edited by Jalāl Humāī̕ and the Bodelian Arabic text edited by H.D. Isaacs, with introd., notes, and biographical index. |
| 260 ## - PUBLICATION, DISTRIBUTION, ETC. | |
| Place of publication, distribution, etc. | London, New York : |
| Name of publisher, distributor, etc. | Oxford University Press, |
| Date of publication, distribution, etc. | 1964. |
| 300 ## - PHYSICAL DESCRIPTION | |
| Extent | lxxiv, 197 p. : |
| Dimensions | 22 cm. |
| 490 0# - SERIES STATEMENT | |
| Series statement | University of Durham publications |
| 500 ## - GENERAL NOTE | |
| General note | Translated from the authors̕ al-Tibr al-masbūk fī nasīhat al-mulūk. |
| 504 ## - BIBLIOGRAPHY, ETC. NOTE | |
| Bibliography, etc. note | Includes bibliographical references. |
| 650 #0 - SUBJECT ADDED ENTRY--TOPICAL TERM | |
| Topical term or geographic name entry element | Kings and rulers |
| General subdivision | Duties. |
| 650 #0 - SUBJECT ADDED ENTRY--TOPICAL TERM | |
| Topical term or geographic name entry element | Education of princes. |
| 650 #0 - SUBJECT ADDED ENTRY--TOPICAL TERM | |
| Topical term or geographic name entry element | Kings and rulers |
| General subdivision | Religious life. |
| 700 1# - ADDED ENTRY--PERSONAL NAME | |
| Personal name | Bagley, F. R. C. |
| Fuller form of name | (Frank Ronald Charles), |
| Dates associated with a name | 1915- |
| Relator term | ed. and tr. |
| 906 ## - LOCAL DATA ELEMENT F, LDF (RLIN) | |
| a | 7 |
| b | cbc |
| c | oclcrpl |
| d | u |
| e | ncip |
| f | 19 |
| g | y-gencatlg |
| 942 ## - ADDED ENTRY ELEMENTS (KOHA) | |
| Source of classification or shelving scheme | Dewey Decimal Classification |
| Koha item type | Books |
| Withdrawn status | Lost status | Source of classification or shelving scheme | Damaged status | Not for loan | Collection code | Home library | Current library | Shelving location | Date acquired | Source of acquisition | Total Checkouts | Full call number | Barcode | Date last seen | Copy number | Price effective from | Koha item type | Public note |
|---|---|---|---|---|---|---|---|---|---|---|---|---|---|---|---|---|---|---|
| Dewey Decimal Classification | Non-fiction | Asiatic Society Library | Asiatic Society Library | General Stacks | 02/09/2021 | ASB Library Collections | 956 BAG | 105511 | 02/09/2021 | C-1 | 02/09/2021 | Books | RARE |